[Event "Bayern-ch op Seniors 26th"]
[Site "Bergen"]
[Date "2014.06.22"]
[Round "2"]
[White "Appel, Juergen"]
[Black "Oser, Thor"]
[Result "1-0"]
[WhiteElo "1650"]
[BlackElo "1622"]
[PlyCount "99"]
[EventDate "2014.06.21"]
[EventType "swiss"]
[EventRounds "7"]
[EventCountry "GER"]
[SourceTitle "EXT 2018"]
[Source "ChessBase"]
[SourceDate "2017.10.13"]
[SourceVersion "1"]
[SourceVersionDate "2017.10.13"]
[SourceQuality "1"]

1. d4 d5 2. Nf3 e6 3. e3 Nf6 4. c4 c6 5. Nc3 Bd6 6. Bd3 h6 7. 0-0 0-0 8. e4 dxe4 9. Nxe4 Nxe4 10. Bxe4 Nd7 11. Bc2 Re8 12. Qd3 Nf8 13. Be3 b6 14. Rad1 Bb7 15. Qe2 Qc7 16. Rfe1 Rad8 17. a3 c5 18. dxc5 bxc5 19. h3 Be7 20. Bd2 Bf6 21. b3 Re7 22. Be4 Red7 23. Bxb7 Qxb7 24. b4 Qc6 25. b5 Qc7 26. Be3 Ng6 27. Rxd7 Rxd7 28. Rd1 Rxd1+ 29. Qxd1 Nh4 30. Nxh4 Bxh4 31. Qg4 Qe7 32. Bxh6 f5 33. Qg6 Bf6 34. Be3 Bd4 35. Bg5 Qd7 36. Qh5 e5 37. Qg6 e4 38. Qc6 Qf7 39. Qd5 Qxd5 40. cxd5 Kf7 41. a4 c4 42. Kf1 c3 43. Ke2 Ke8 44. Be3 Bxe3 45. fxe3 Kd7 46. a5 Kd6 47. b6 a6 48. g3 g6 49. h4 Kd7 50. Kd1 1-0

[Event "GER-ch Seniors"]
[Site "Dresden"]
[Date "2012.08.15"]
[Round "7"]
[White "Appel, Juergen"]
[Black "Goerden, Hans Juergen"]
[Result "0-1"]
[WhiteElo "1742"]
[BlackElo "1938"]
[PlyCount "120"]
[EventDate "2012.08.09"]
[EventType "swiss"]
[EventRounds "9"]
[EventCountry "GER"]
[SourceTitle "EXT 2014"]
[Source "ChessBase"]
[SourceDate "2013.11.20"]
[SourceVersion "1"]
[SourceVersionDate "2013.11.20"]
[SourceQuality "1"]

1. d4 Nf6 2. Nf3 e6 3. c4 Bb4+ 4. Bd2 Bxd2+ 5. Nbxd2 d5 6. e3 0-0 7. Bd3 Nbd7 8. 0-0 c5 9. Rc1 b6 10. cxd5 exd5 11. Bb1 Re8 12. Re1 Bb7 13. Qb3 Rc8 14. Bf5 Rc7 15. Rc3 c4 16. Qd1 b5 17. a3 a5 18. Rc1 g6 19. Bh3 Ne4 20. Nxe4 dxe4 21. Nd2 f5 22. g3 Nf6 23. a4 Ba6 24. axb5 Bxb5 25. Bf1 Qd5 26. Nb1 Rec8 27. Qd2 Be8 28. Rc3 Qb7 29. Ra3 Ra8 30. Nc3 Bf7 31. Rea1 Qb4 32. Nxe4 Nxe4 33. Qxb4 axb4 34. Rxa8+ Kg7 35. R8a7 Rc8 36. Rc1 c3 37. bxc3 bxc3 38. Bd3 Nd2 39. Ra3 Bd5 40. Be2 c2 41. Ra7+ Kf6 42. Ra3 Nb3 43. Rxb3 Bxb3 44. Bd3 Rc3 45. Be2 g5 46. Kf1 f4 47. e4 f3 48. Bb5 Bc4+ 49. Bxc4 Rxc4 50. d5 Ke5 51. h3 h5 52. Ke1 Rxe4+ 53. Kd2 Re2+ 54. Kd3 Rxf2 55. Ke3 Rh2 56. Kxf3 Kxd5 57. h4 gxh4 58. gxh4 Kd4 59. Kg3 Rd2 60. Kf4 Kc3 0-1

[Event "GER-ch Seniors"]
[Site "Dresden"]
[Date "2012.08.14"]
[Round "6"]
[White "Appel, Juergen"]
[Black "Reimer, Otto"]
[Result "1-0"]
[WhiteElo "1742"]
[BlackElo "1935"]
[PlyCount "120"]
[EventDate "2012.08.09"]
[EventType "swiss"]
[EventRounds "9"]
[EventCountry "GER"]
[SourceTitle "EXT 2014"]
[Source "ChessBase"]
[SourceDate "2013.11.20"]
[SourceVersion "1"]
[SourceVersionDate "2013.11.20"]
[SourceQuality "1"]

1. d4 Nf6 2. Nf3 g6 3. c4 Bg7 4. Nc3 0-0 5. e4 d6 6. Be2 e5 7. dxe5 dxe5 8. Qxd8 Rxd8 9. Bg5 Re8 10. Bxf6 Bxf6 11. Nd5 Bd8 12. Rd1 c6 13. Nc3 a5 14. Nxe5 Bf6 15. Nf3 Na6 16. e5 Be7 17. 0-0 Nc5 18. Nd2 Bf5 19. f4 a4 20. g4 Bc2 21. Rc1 Bd3 22. Rf3 Bxe2 23. Nxe2 Red8 24. Rc2 Nd3 25. Rf1 Nb4 26. Rfc1 Nxc2 27. Rxc2 Bc5+ 28. Kg2 Kg7 29. Ne4 Be7 30. f5 f6 31. Nf4 Rd1 32. g5 gxf5 33. gxf6+ Kh8 34. Ng3 Bc5 35. Re2 Rad8 36. e6 Kg8 37. Nxf5 Rg1+ 38. Kh3 h5 39. e7 Re8 40. Nh6+ Kh7 41. Nf5 Kg8 42. Nxh5 Kf7 43. Nhg7 Rh8+ 44. Nh4 Kxf6 45. e8Q Rxe8 46. Nxe8+ Kf7 47. Nf3 Rg8 48. Nc7 Bd6 49. Ne6 Kf6 50. Ned4 Bc7 51. Re6+ Kf7 52. Ne5+ Kf8 53. Ng6+ Kf7 54. Re7+ Kxg6 55. Rxc7 Rb8 56. Kg4 Kf6 57. h4 Ke5 58. Nf3+ Ke4 59. Re7+ Kd3 60. Ne1+ Kxc4 1-0

[Event "GER-ch Seniors"]
[Site "Dresden"]
[Date "2012.08.12"]
[Round "4"]
[White "Reinke, Kurt"]
[Black "Appel, Juergen"]
[Result "1-0"]
[WhiteElo "1946"]
[BlackElo "1742"]
[PlyCount "120"]
[EventDate "2012.08.09"]
[EventType "swiss"]
[EventRounds "9"]
[EventCountry "GER"]
[SourceTitle "EXT 2014"]
[Source "ChessBase"]
[SourceDate "2013.11.20"]
[SourceVersion "1"]
[SourceVersionDate "2013.11.20"]
[SourceQuality "1"]

1. d4 Nf6 2. c4 c5 3. d5 Ne4 4. Qd3 Qa5+ 5. Nc3 Nxc3 6. bxc3 d6 7. e4 g6 8. f4 Bg7 9. Bd2 Nd7 10. Nf3 0-0 11. Be2 Nb6 12. 0-0 Bg4 13. Rfb1 f5 14. e5 Bxf3 15. Qxf3 Rab8 16. Rb5 Qa4 17. Qd3 Nd7 18. Bd1 Qa6 19. e6 Nf6 20. a4 b6 21. a5 Qc8 22. Ba4 Qc7 23. a6 Rfc8 24. Rbb1 Qd8 25. Be1 Qf8 26. Bc6 Ne4 27. Rb3 Qf6 28. Qh3 Qf8 29. Qd3 Bh6 30. g3 Bg7 31. g4 h6 32. Ra2 Qf6 33. Rg2 g5 34. fxg5 hxg5 35. h4 gxh4 36. g5 Nxg5 37. Bxh4 Nf3+ 38. Qxf3 Qxh4 39. Qg3 Qxg3 40. Rxg3 Kh7 41. Rb2 Bh6 42. Ba4 Rg8 43. Rbg2 Rxg3 44. Rxg3 Rg8 45. Kf2 Rxg3 46. Kxg3 f4+ 47. Kg4 Kg6 48. Bc2+ Kf6 49. Be4 f3 50. Bxf3 Bd2 51. Kh5 Bxc3 52. Kh6 Kf5 53. Kh7 Kf4 54. Bd1 Ke3 55. Ba4 Kf4 56. Kg8 b5 57. Bxb5 Kf5 58. Kf7 Bf6 59. Ke8 Bg5 60. Kd7 Kf6 1-0

[Event "GER-ch Seniors 23rd"]
[Site "Halle"]
[Date "2011.08.12"]
[Round "8"]
[White "Appel, Juergen"]
[Black "Hommann, Horst"]
[Result "0-1"]
[WhiteElo "1720"]
[BlackElo "1873"]
[PlyCount "60"]
[EventDate "2011.08.05"]
[EventType "swiss"]
[EventRounds "9"]
[EventCountry "GER"]
[SourceTitle "CBM 144 Extra"]
[Source "ChessBase"]
[SourceDate "2011.10.28"]
[SourceVersion "1"]
[SourceVersionDate "2011.10.28"]
[SourceQuality "1"]

1. d4 d5 2. Nf3 Nf6 3. e3 c6 4. c4 e6 5. Nbd2 Nbd7 6. Bd3 Bd6 7. 0-0 0-0 8. e4 dxe4 9. Nxe4 Nxe4 10. Bxe4 Nf6 11. Bc2 h6 12. Be3 Qc7 13. Rc1 Ng4 14. h3 Bh2+ 15. Kh1 Nxe3 16. fxe3 Bg3 17. Ng1 b6 18. Qd3 g6 19. Rf3 Bh4 20. e4 e5 21. g4 Bg5 22. d5 Bxc1 23. d6 Qd7 24. c5 Bxb2 25. Bb3 Bd4 26. Rf6 Kg7 27. Qf3 Ba6 28. cxb6 axb6 29. h4 c5 30. Nh3 Be2 0-1

[Event "GER-ch Seniors 23rd"]
[Site "Halle"]
[Date "2011.08.10"]
[Round "6"]
[White "Appel, Juergen"]
[Black "Botwinovskyy, Borys"]
[Result "0-1"]
[WhiteElo "1720"]
[BlackElo "1847"]
[PlyCount "22"]
[EventDate "2011.08.05"]
[EventType "swiss"]
[EventRounds "9"]
[EventCountry "GER"]
[SourceTitle "CBM 144 Extra"]
[Source "ChessBase"]
[SourceDate "2011.10.28"]
[SourceVersion "1"]
[SourceVersionDate "2011.10.28"]
[SourceQuality "1"]

1. d4 Nf6 2. c4 d6 3. Nf3 g6 4. Nc3 Bg7 5. e4 0-0 6. Be2 Nbd7 7. 0-0 e5 8. h3 exd4 9. Nxd4 Nc5 10. f3 Nh5 11. Qe1 Bxd4+ 0-1

[Event "GER-ch Seniors 23rd"]
[Site "Halle"]
[Date "2011.08.07"]
[Round "3"]
[White "Schmieder, Wolfgang Ernst"]
[Black "Appel, Juergen"]
[Result "1-0"]
[WhiteElo "1852"]
[BlackElo "1720"]
[PlyCount "59"]
[EventDate "2011.08.05"]
[EventType "swiss"]
[EventRounds "9"]
[EventCountry "GER"]
[SourceTitle "CBM 144 Extra"]
[Source "ChessBase"]
[SourceDate "2011.10.28"]
[SourceVersion "1"]
[SourceVersionDate "2011.10.28"]
[SourceQuality "1"]

1. c4 g6 2. Nc3 Bg7 3. d4 d6 4. Nf3 e6 5. e4 Nd7 6. g3 Ne7 7. Bg2 0-0 8. 0-0 e5 9. Bg5 h6 10. Be3 Kh7 11. Nh4 Nc6 12. d5 Ne7 13. Qd2 Nf6 14. h3 g5 15. Nf3 g4 16. hxg4 Nxg4 17. Nh4 Nxe3 18. Qxe3 Bf6 19. Nf3 Rg8 20. Kh2 Bg4 21. Rh1 Qd7 22. Kg1 h5 23. Ne2 Ng6 24. Re1 Rh8 25. Ng5+ Bxg5 26. Qxg5 Bxe2 27. Rxe2 h4 28. Qf6 Qe7 29. Rxh4+ Kg8 30. Rxh8+ 1-0

[Event "GER-ch Seniors 23rd"]
[Site "Halle"]
[Date "2011.08.06"]
[Round "2"]
[White "Appel, Juergen"]
[Black "Knaak, Hans"]
[Result "0-1"]
[WhiteElo "1720"]
[BlackElo "1768"]
[PlyCount "88"]
[EventDate "2011.08.05"]
[EventType "swiss"]
[EventRounds "9"]
[EventCountry "GER"]
[SourceTitle "CBM 144 Extra"]
[Source "ChessBase"]
[SourceDate "2011.10.28"]
[SourceVersion "1"]
[SourceVersionDate "2011.10.28"]
[SourceQuality "1"]

1. d4 Nf6 2. Nf3 g6 3. c4 Bg7 4. Nc3 d5 5. e3 0-0 6. Be2 a6 7. 0-0 b6 8. Qc2 Bb7 9. cxd5 Nxd5 10. Nxd5 Bxd5 11. e4 Bb7 12. Be3 Nd7 13. Rfd1 Nf6 14. Nd2 Rc8 15. d5 c5 16. f3 Nd7 17. Rac1 h6 18. b3 Kh7 19. Nf1 Nf6 20. Ng3 Ne8 21. f4 h5 22. f5 Be5 23. fxg6+ fxg6 24. Qd2 h4 25. Bh6 Ng7 26. Nh1 Qd6 27. Nf2 Bxh2+ 28. Kf1 Qg3 29. Bf3 h3 30. Rc3 hxg2+ 31. Bxg2 Rxf2+ 32. Qxf2 Qxc3 33. Bd2 Qf6 34. Bf3 Be5 35. Ke2 Rf8 36. Rh1+ Kg8 37. Qg2 Bc8 38. Rh6 Qxf3+ 39. Qxf3 Rxf3 40. Kxf3 Kf7 41. Rh1 e6 42. dxe6+ Nxe6 43. Rh7+ Kf6 44. Be1 Ng5+ 0-1

[Event "Saarland-ch Seniors 23rd"]
[Site "Saarlouis"]
[Date "2004.04.07"]
[Round "6"]
[White "Hahner, Anton"]
[Black "Appel, Juergen"]
[Result "1/2-1/2"]
[WhiteElo "1712"]
[BlackElo "1784"]
[PlyCount "45"]
[EventDate "2004.04.02"]
[EventType "swiss"]
[EventRounds "9"]
[EventCountry "GER"]
[SourceTitle "CBM 099 Extra"]
[Source "ChessBase"]
[SourceDate "2004.05.04"]
[SourceVersion "1"]
[SourceVersionDate "2004.05.04"]
[SourceQuality "1"]

1. Nf3 d5 2. d4 Nf6 3. g3 Bf5 4. Bg2 Qc8 5. 0-0 Bh3 6. Re1 Bxg2 7. Kxg2 e6 8. Nbd2 Be7 9. e4 dxe4 10. Nxe4 Nbd7 11. c3 Nxe4 12. Rxe4 Nf6 13. Re1 Qd7 14. Ne5 Qd5+ 15. Qf3 Qxf3+ 16. Kxf3 Nd7 17. Nxd7 Kxd7 18. Be3 c6 19. b3 a6 20. Red1 Rad8 21. c4 Kc8 22. Rd3 Rd7 23. Rad1 1/2-1/2